Disney Princesses - Sudden Death - Statistics

General Stats
  • This quiz has been taken 7,734 times
  • The average score is 4 of 13
Answers on the Grid
Answers color-coded by a green-red scale on the quiz's grid according to % correct below.
Ariel
Elsa
Anne
Mulan
Pocahontas
Belle
Jasmine
Cinderella
Aurora
Tiana
Rapunzel
Merida
Snow White
Moana
Raya
Esmerelda
Tinker Bell
Alice
Mirabel
Jane
Meg
Sofia
Elena
Mal
Evie
Red
 
Answer Stats
Answer % Correct
Ariel
96%
Snow White
35%
Jasmine
34%
Aurora
33%
Pocahontas
32%
Rapunzel
32%
Cinderella
22%
Belle
21%
Mulan
21%
Tiana
18%
Moana
15%
Merida
13%
Raya
11%
No matching quizzes found
Score Distribution
Percent of People with Each Score
Percentile by Number Answered
Your Score History
You have not taken this quiz